Normal view MARC view
  • Fernández Batanero, José María

Entry Nombre Personal

Number of records used in: 18

001 - NUMERO DE CONTROL

  • campo de control: 35083

003 - IDENTIFICADOR DE NUMERO DE CONTROL

  • campo de control: UPN

005 - FECHA Y HORA DE LA ÜLTIMA TRANSACCIÓN

  • campo de control: 20230822111216.0

008 - DATOS DE LONGITUD FIJA

  • campo de control de longitud fija: nabaccnnaabn|||||||||| b |nc|||||d

024 7# - OTROS IDENTIFICADORES NORMALIZADOS

  • Fuente: orcid
  • Número normalizado o código: https://orcid.org/0000-0003-4097-5382

035 ## - NUMERO DE CONTROL

  • Número de control: UPN11000007190

040 ## - FUENTE DE CATALOGACIÓN

  • Lenguaje de catalogación: SPA
  • Agencia de transcripción: UPN
  • Agencia original de catalogación: MX-MxUPN

100 1# - ENCABEZAMIENTO - NOMBRE PERSONAL

  • Nombre personal: Fernández Batanero, José María

370 ## - LUGAR ASOCIADO

  • Associated country: España

371 ## - DIRECCIÓN

  • Electronic mail address: batanero@us.es

372 ## - CAMPO DE ACTIVIDAD

  • Field of activity: Didáctica y Organización Educativa

373 ## - GRUPO ASOCIADO

  • Associated group: Universidad de Sevilla

374 ## - OCUPACIÓN

  • Occupation: Profesor - investigador universitario

670 ## - FUENTE EN LA QUE SE LOCALIZARON DATOS

  • Cita de la fuente: T
  • Uniform Resource Identifier: http://personal.us.es/batanero/Curriculum%20A.html

680 ## - NOTA PUBLICA DE ACCESO PÚBLICO

  • Frase explicativa de la referencia: Doctor en Ciencias de la Educación español

902 ## - CATALOGADOR

  • Catalogador: MMA/040414

902 ## - CATALOGADOR

  • Catalogador: BLSM/220823